Popular Movies by Poster X - Statistics

General Stats
  • This quiz has been taken 1,278 times
  • The average score is 9 of 16
Answer Stats
Picture Answer % Correct
Frozen
98%
It (2017)
97%
King Kong
96%
Godzilla (2014)
93%
Spiderman: Into the Spiderverse
77%
Black Widow
75%
The Mummy
69%
Uncharted
58%
Hot Fuzz
45%
Pacific Rim
45%
Orphan
42%
All Quiet on the Western Front
39%
Angels & Demons
30%
Kangaroo Jack
29%
Hoodwinked
28%
There Will Be Blood
28%
No matching quizzes found
Score Distribution
Percent of People with Each Score
Percentile by Number Answered
Your Score History
You have not taken this quiz